Miasto atrakcji
| Titel: | Miasto atrakcji : narodziny kultury masowej na przełomie XIX i XX wieku ; kino w systemie rozrywkowym Łodzi / Łukasz Biskupski |
|---|---|
| Verfasser: | |
| Ausgabe: | Wyd.1 |
| Veröffentlicht: | Warszawa : Narodowe Centrum Kultury [u.a.], 2013 |
| Umfang: | 320 S. : Ill. ; 25 cm |
| Format: | Buch |
| Sprache: | Polnisch |
| RVK-Notation: | |
| ISBN: | 8363631426 ; 9788363631420 |
| Hinweise zum Inhalt: |
Inhaltsverzeichnis
|
alg: 33311548
001A $00030:01-11-13
001B $01999:13-09-17 $t00:47:33.000
001C $00030:22-11-13 $t11:30:12.000
001D $00030:01-11-13
001U $0utf8
001X $00
002@ $0Aau
003@ $0333115481
003O $0860418085 $aOCoLC
004A $083-63631-42-6
004A $A978-83-63631-42-0
007A $0333115481 $aHEB
007G $0DE00646A7D45C86188900C1257C1A0052B3CE
009P $qapplication/pdf $A2 $3Inhaltsverzeichnis $uhttp://scans.hebis.de/HEBCGI/show.pl?33311548_toc.pdf $mV:DE-603;B:DE-30
010@ $apol
011@ $a2013
021A $aMiasto atrakcji $dnarodziny kultury masowej na przełomie XIX i XX wieku ; kino w systemie rozrywkowym Łodzi $hŁukasz Biskupski
028A $7 $8Biskupski, Łukasz [Tnu] $9333115597
032@ $aWyd.1
033A $pWarszawa $nNarodowe Centrum Kultury {[u.a.]
034D $a320 S.
034I $a25 cm
034M $aIll.
044A $aKina $2jhpk $S7 $y1870-1914 $zPolska $zŁódź
044A $aKina $2jhpk $S7 $y1900-1945 $zPolska $zŁódź
044A $aKultura masowa $2jhpk $S7 $y1870-1914 $zPolska $zŁódź
044A $aKultura masowa $2jhpk $S7 $y1900-1945 $zPolska $zŁódź
044K $#Lodz $#Lodz $#Litzmannstadt $#Lodsch $74074299-4 $8Łódź [Tg1] $9085209155
044K $RTheaterbau $#Motion picture theaters $#Cinémas $#Sale cinematografiche $#Cines $#Kino $#Kino $#Filmtheater $#Lichtspielhaus $#Lichtspieltheater $74129654-0 $8Kino [Ts1] $9085455180
044K $RKultur $RAlltagskultur $RArbeiterkultur $RIndustriekultur $RVolkskultur $RPop-Kultur $#Culture de masse $#Massenkultur $#Populäre Kultur $#Populärkultur Massenkultur $74125858-7 $8Massenkultur [Ts1] $9085425907
045R $aGeschichte 1896-1914
045Z $8AP 59449 [Tkv] $9407330364
lok: 33311548 3
101B $022-11-13 $t11:29:19.000
101C $001-11-13
101U $0utf8
144Z/20 $af13nov
145S/01 $a930
exp: 33311548 3 1 #EPN
201B/01 $001-11-13 $t09:11:38.000
201C/01 $001-11-13
201U/01 $0utf8
203@/01 $0722452632
208@/01 $a01-11-13 $bzAa
209A/01 $a90.171.22 $du $f000 $h90 171 22 $x00
209G/01 $a90171224 $x00
247C/01 $8601000-3 <30>Frankfurt, Universitätsbibliothek J. C. Senckenberg, Zentralbibliothek (ZB) $9102598258
lok: 33311548 78
exp: 33311548 78 1 #EPN
201B/01 $019-10-20 $t13:14:41.000
201C/01 $019-10-20
201U/01 $0utf8
203@/01 $01126126497
208@/01 $a19-10-20 $be
209A/01 $a/ $f000 $x00
209A/01 $ab*p $x01
220C/01 $apgar
244Z/01 $#Generalgouvernement Polen $#Polska $#Rzeczpospolita Polska $#Polska Rzeczpospolita Ludowa $#Poland $#Pologne $#République Polonaise $#Generalne Gubernatorstwo w Polsce $#Polish People's Republic $#Polska Rzeczpospolita Polen $#PRL $#RP $#Polen Generalgouvernement $#Polska Generalgouvernement $#Besetzte Polnische Gebiete $#Besetztes Gebiet in Polen $#Okupowane Polskie Obszary $#Obszary Okupowane w Polsce $#Volksrepublik Polen $#Polska Rosyjska $#Republic Polen $#Respublika Pol'ša $#Pol'skaja Narodnaja Respublika $#République de Pologne $#Polen Links der Weichsel $#Polska po Lewej Stronie Wisły $#Lenkija $#Polija $#Gubernija Carstva Pol'skago $#Republik Polen $74046496-9 $8--Tg1--Polen $x01 $9085129801
247C/01 $82080>Marburg/Lahn, Herder-Institut, Forschungsbibliothek, Bibliographieportal $9336309341
| LEADER | 00000cam a2200000 c 4500 | ||
|---|---|---|---|
| 001 | 333115481 | ||
| 003 | DE-603 | ||
| 005 | 20170913004733.0 | ||
| 007 | tu | ||
| 008 | 131101s2013 xx |||| | u00||u|pol c | ||
| 020 | |a 8363631426 | ||
| 020 | |a 9788363631420 | ||
| 035 | |a (DE-599)HEB333115481 | ||
| 035 | |a (OCoLC)860418085 | ||
| 040 | |a DE-603 |b ger |c DE-603 |d DE-603 | ||
| 041 | |a pol | ||
| 084 | |a AP 59449 |0 (DE-625)7791:708 |0 (DE-603)407330364 |2 rvk | ||
| 100 | 1 | |a Biskupski, Łukasz |0 (DE-603)333115597 | |
| 245 | 0 | 0 | |a Miasto atrakcji |b narodziny kultury masowej na przełomie XIX i XX wieku ; kino w systemie rozrywkowym Łodzi |c Łukasz Biskupski |
| 250 | |a Wyd.1 | ||
| 264 | 1 | |a Warszawa |b Narodowe Centrum Kultury [u.a.] |c 2013 | |
| 300 | |a 320 S. |b Ill. |c 25 cm | ||
| 648 | 7 | |a Geschichte 1896-1914 |2 gnd | |
| 650 | 7 | |a Kino |0 (DE-588)4129654-0 |0 (DE-603)085455180 |2 gnd | |
| 650 | 7 | |a Massenkultur |0 (DE-588)4125858-7 |0 (DE-603)085425907 |2 gnd | |
| 651 | 7 | |a Łódź |0 (DE-588)4074299-4 |0 (DE-603)085209155 |2 gnd | |
| 856 | 4 | 2 | |m V:DE-603;B:DE-30 |q application/pdf |u http://scans.hebis.de/HEBCGI/show.pl?33311548_toc.pdf |3 Inhaltsverzeichnis |
| 924 | 0 | |9 30 |a (DE-603)722452632 |b DE-30 |c HES |d c |g 90.171.22 | |
| 924 | 0 | |9 2080 |a (DE-603)1126126497 |b DE-2080 |c HES |d d |g / | |


